00540nam a2200133Ia 4500008004100000100002500041245006900066245014400135260004900279260000900328300000800337650001300345856004800358170221s9999 xx 000 0 und d aMansfield, Phylis M. aConsumers and credit cards: A review of the empirical literature cPhylis M. Mansfield, Penn State University – Erie; Mary Beth Pinto, Penn State University – Erie; Cliff A. Robb, University of Alabama. bJournal of Management and Marketing Research c2014 a8 : xBusiness uhttp://www.aabri.com/manuscripts/121261.pdf